Statistics for Revenge - XXXTENTACION - All Lyrics

Click here to take the quiz!

General Stats

  • This quiz has been taken 102 times
    (56 since last reset)
  • The average score is 167 of 232

Answer Stats

Answer% Correct
I
100%
I,
100%
I?
100%
my
98%
a
96%
grave,
96%
grave
96%
dug
93%
for
93%
two
93%
us,
93%
dear
91%
graves
87%
you
87%
You
87%
hear
80%
I've
80%
I’ve
80%
Oh,
78%
oh,
78%
in
76%
In
76%
fear
73%
revenge,
73%
so
73%
the
73%
break
71%
heart
71%
some
71%
Some
71%
that
71%
then,
71%
what
71%
your
71%
If
69%
leavin'
69%
steal,
69%
world,
69%
would
69%
Can’t
67%
kill,
67%
man,
67%
on
67%
perfect,
67%
rot
67%
rot,
67%
rot-ot-ot
67%
act
64%
could
64%
things
64%
and
62%
And
62%
go,
62%
go
62%
let
62%
bones,
60%
I’ll
60%
I'll
60%
pretend
60%
fast
58%
it
58%
was
58%
Broken
56%
broken
56%
up
56%
thought
53%
to
51%
hearts
49%
don't
47%
forgive
47%
found
44%
myself
44%
think
44%
way
44%
finally
42%
wanna
42%
walk
40%
made
38%
mistakes
38%
right?
38%
agree?
36%
first
36%
past
36%
Well,
36%
step,
33%
that's
27%

Score Distribution

Percentile by Number Answered

Percent of People with Each Score

Your Score History

You have not taken this quiz since the last reset